000 00509nam a22002177a 4500
003 UA-OsUOA
001 43630
007 ta
008 20070117b un ||||| |||| 00| 0 ukr d
100 _aРево В.
090 _a159
_bР-11
942 _cSA
040 _aUA-OsUOA
_brus
_cUA-OsUOA
_dUA-OsUOA
245 _aПатологическое сознание
300 _aС.7-16
955 _a0
041 _arus
080 _a159
773 0 _w43629
650 7 _a1 Філософські науки
_2UDC
999 _c329746
_d329746